000 00711nas a2200229 4500
001 BR2011005421
003 BR-BrBNA
005 20231205115619.0
007 ta
008 230509b bl.|||p| |||| 00| 00por d
040 _aBR-BrBNA
_bpor
_cBiblioteca Nacional de Agricultura
041 _a(Pt)
072 _aK70
100 1 _aAximoff, I.
100 1 _aRodrigues, R. de C.
245 1 _aHistórico dos incêndios florestais no Parque Nacional do Itatiaia
650 _aINCÊNDIO FLORESTAL
650 _aPROTEÇÃO FLORESTAL
773 0 _tCiência Florestal (Brazil)
_xISSN 0103-9954
_g(Jan-Mar 2011), v. 21(1) p. 83-92
_wBR2011005421
909 _a202311
_bLúcia
_c55
_dLúcia Elande
942 _2AGRIS
_n0
_cANA
999 _c214798
_d214798